[Event "NM for klubblag"]
[Site "Drammen"]
[Date "2010.10.10"]
[Round "5"]
[White "Løvaas, Roger"]
[Black "Rødsmoen, Maud"]
[Result "0-1"]
[WhiteElo "1158"]
[BlackElo "1358"]
[PlyCount "56"]
[EventDate "2010.10.08"]
[WhiteTeam "Konnerud Sjakklubb"]
[BlackTeam "OSS 6"]

1. d4 d5 2. Bf4 Nf6 3. e3 Bf5 4. Nf3 e6 5. c4 c5 6. Nc3 Bd6 7. Ne5 Nbd7 8. Qa4
Bxe5 9. Bxe5 cxd4 10. exd4 O-O 11. c5 Nxe5 12. dxe5 Nd7 13. Qd4 Qc7 14. Nb5
Qxc5 15. Qxc5 Nxc5 16. Nd6 Nd3+ 17. Bxd3 Bxd3 18. Nxb7 Rfc8 19. Kd2 Ba6 20. Nd6
Rc6 21. Rhc1 Rb6 22. b3 f6 23. f4 g5 24. g3 fxe5 25. fxe5 Rf8 26. Ke3 g4 27.
Rc2 Rb4 28. Rf2 d4+ 0-1

[Event "NM for klubblag"]
[Site "Drammen"]
[Date "2010.10.10"]
[Round "5"]
[White "Gholami, Anita"]
[Black "Auke, Morten"]
[Result "0-1"]
[WhiteElo "1051"]
[BlackElo "1056"]
[PlyCount "76"]
[EventDate "2010.10.08"]
[WhiteTeam "OSS 6"]
[BlackTeam "Konnerud Sjakklubb"]

1. e4 e5 2. Nf3 Nc6 3. Bc4 Nf6 4. d3 Bc5 5. Bg5 O-O 6. Nc3 h6 7. Bh4 Be7 8. Bg3
d6 9. h4 Nh5 10. Nxe5 Nxe5 11. Bxe5 Nf6 12. Bf4 Bg4 13. Qd2 Nh7 14. Nd5 Be6 15.
Nxe7+ Qxe7 16. Bb3 c5 17. Qe3 b6 18. Qg3 Rad8 19. Bxh6 Qf6 20. Be3 Qxb2 21. Rd1
Bxb3 22. axb3 Qxc2 23. Bh6 Qc3+ 24. Ke2 Rfe8 25. h5 Re6 26. Bg5 Rde8 27. h6 g6
28. f4 f5 29. Bh4 fxe4 30. dxe4 Rxe4+ 31. Kf2 Qc2+ 32. Kg1 Qxd1+ 33. Kh2 Qh5
34. Kg1 Re3 35. Qh2 Qd1+ 36. Kf2 Qd2+ 37. Kf1 Re1+ 38. Bxe1 Rxe1# 0-1

[Event "NM for klubblag"]
[Site "Drammen"]
[Date "2010.10.10"]
[Round "6"]
[White "Berg, Emanuel"]
[Black "Gandrud, Vegar Koi"]
[Result "1-0"]
[WhiteElo "2550"]
[BlackElo "2191"]
[PlyCount "39"]
[EventDate "2011.10.08"]
[WhiteTeam "Oslo Schakselskap 1"]
[BlackTeam "Hønefoss Sjakklubb 1"]

1. e4 c5 2. Nf3 d6 3. d4 cxd4 4. Nxd4 Nf6 5. Nc3 a6 6. Bg5 e6 7. f4 Be7 8. Qf3
Qc7 9. O-O-O Nbd7 10. Bd3 h6 11. Qh3 Nb6 12. Rhe1 Bd7 13. e5 Nfd5 14. Bxe7 Nxe7
15. Qg3 O-O 16. exd6 Qxd6 17. Nxe6 Qxe6 18. Rxe6 Bxe6 19. f5 Nxf5 20. Qf2 1-0

[Event "NM for klubblag"]
[Site "Drammen"]
[Date "2010.10.10"]
[Round "6"]
[White "Thingstad, Even"]
[Black "Johannessen, Leif Erlend"]
[Result "1/2-1/2"]
[WhiteElo "2152"]
[BlackElo "2516"]
[PlyCount "118"]
[EventDate "2011.10.08"]
[WhiteTeam "Hønefoss Sjakklubb 1"]
[BlackTeam "Oslo Schakselskap 1"]

1. d4 Nf6 2. c4 e6 3. Nc3 Bb4 4. Qc2 O-O 5. a3 Bxc3+ 6. Qxc3 d5 7. Bg5 c5 8.
dxc5 d4 9. Qg3 Nc6 10. O-O-O e5 11. Nf3 Ne4 12. Bxd8 Nxg3 13. hxg3 Rxd8 14. e3
Bg4 15. Bd3 dxe3 16. fxe3 f5 17. Be2 e4 18. Nd4 Rxd4 19. Rxd4 Bxe2 20. Rd7 Bxc4
21. Rxb7 a5 22. b3 Bd3 23. Kb2 Ne5 24. Kc3 Rc8 25. b4 Nc4 26. Rc1 Nxa3 27. Kb3
axb4 28. c6 Nc2 29. c7 Kf7 30. Rxc2 Bxc2+ 31. Kxc2 Ke6 32. Kd2 Kd6 33. g4 Rxc7
34. Rxb4 g6 35. gxf5 gxf5 36. Rb6+ Ke5 37. Rh6 Rg7 38. Ke1 Rxg2 39. Rxh7 Ra2
40. Rf7 Ke6 41. Rf8 Kd5 42. Rxf5+ Kc4 43. Re5 Kd3 44. Rb5 Rc2 45. Ra5 Re2+ 46.
Kf1 Rc2 47. Ke1 Rc8 48. Kf2 Rc2+ 49. Ke1 Kxe3 50. Ra3+ Kf4 51. Rb3 Rg2 52. Ra3
Rg1+ 53. Ke2 Rb1 54. Kf2 Rh1 55. Ke2 Rh2+ 56. Ke1 Rb2 57. Kf1 e3 58. Ra8 Kf3
59. Rf8+ Ke4 1/2-1/2

[Event "NM for klubblag"]
[Site "Drammen"]
[Date "2010.10.10"]
[Round "6"]
[White "Trygstad, Kristian D"]
[Black "Myhrvold, Rune"]
[Result "1-0"]
[WhiteElo "2295"]
[BlackElo "2118"]
[PlyCount "105"]
[EventDate "2011.10.08"]
[WhiteTeam "Oslo Schakselkap 1"]
[BlackTeam "Hønefoss Sjakklubb 1"]

1. e4 c6 2. d4 d5 3. e5 c5 4. dxc5 e6 5. a3 Bxc5 6. Qg4 Ne7 7. Nf3 Nf5 8. Bd3
h5 9. Qf4 Nc6 10. O-O O-O 11. b4 Be7 12. Bb2 g5 13. Qd2 f6 14. Bxf5 exf5 15.
exf6 Bxf6 16. Bxf6 Qxf6 17. Qxg5+ Qxg5 18. Nxg5 f4 19. Nc3 d4 20. Ne2 a5 21. b5
Rf5 22. Nf3 Rxb5 23. Nexd4 Nxd4 24. Nxd4 Rg5 25. f3 Ra6 26. Rf2 Rd6 27. Ne2 Rc6
28. Rc1 Rgc5 29. Nxf4 Bf5 30. Nxh5 Bxc2 31. Nf6+ Kg7 32. Ne4 Rc4 33. Nd6 Rc3
34. Nb5 R3c4 35. Nd4 Bd3 36. Rxc4 Rxc4 37. Ne6+ Kf6 38. Rd2 Bf5 39. Nd4 Rc1+
40. Kf2 Bg6 41. Nb3 Rc3 42. Nxa5 b5 43. Rd6+ Kg7 44. Nc6 Rxa3 45. g4 Ra6 46.
Rd7+ Kf6 47. Nd4 Rb6 48. f4 Be8 49. g5+ Kg6 50. Re7 Rb8 51. h4 Rc8 52. f5+ Kh5
53. Kg3 1-0

[Event "NM for klubblag"]
[Site "Drammen"]
[Date "2010.10.10"]
[Round "6"]
[White "Kvamme, Roy"]
[Black "Stubberud, Ørnulf"]
[Result "1/2-1/2"]
[WhiteElo "2016"]
[BlackElo "2310"]
[PlyCount "114"]
[EventDate "2011.10.08"]
[WhiteTeam "Hønefoss Sjakklubb 1"]
[BlackTeam "Oslo Schakselskap 1"]

1. e4 c5 2. Nf3 e6 3. d4 cxd4 4. Nxd4 a6 5. Bd3 Nf6 6. O-O Qc7 7. Nc3 Nc6 8.
Nxc6 bxc6 9. f4 d5 10. e5 Nd7 11. Na4 Nc5 12. Nxc5 Bxc5+ 13. Kh1 g6 14. Rf3 Rb8
15. Rh3 Be7 16. b3 c5 17. Qe2 Qb6 18. Be3 a5 19. a4 Bd7 20. Bf2 Qb4 21. Rf1 c4
22. bxc4 dxc4 23. Bxc4 Qxa4 24. Rd1 O-O 25. f5 Bb5 26. Qe3 Rfd8 27. Rc1 Bf8 28.
fxe6 Qxc4 29. e7 Bxe7 30. Qh6 Bb4 31. Qxh7+ Kf8 32. Bh4 Ke8 33. e6 Qxe6 34.
Qh8+ Kd7 35. Rd1+ Kc6 36. Bxd8 Be2 37. Rc3+ Bxc3 38. Qxc3+ Qc4 39. Qxc4+ Bxc4
40. Bxa5 Rb2 41. Rc1 Ba2 42. Bc3 Rb1 43. Bd2 Rb2 44. Kg1 Bb1 45. c4 Be4 46. Rd1
Rc2 47. Kf2 Rxc4 48. g3 Kd5 49. Bf4+ Ke6 50. h4 Kf5 51. Rd7 f6 52. Rf7 Rc2+ 53.
Ke3 Rc3+ 54. Ke2 Rc2+ 55. Ke3 Rc3+ 56. Ke2 Rc2+ 57. Ke3 Rc3+ 1/2-1/2

[Event "NM for klubblag"]
[Site "Drammen"]
[Date "2010.10.10"]
[Round "6"]
[White "Urkedal, Frode Olav Olsen"]
[Black "Nordahl, Helge A"]
[Result "1-0"]
[WhiteElo "2424"]
[BlackElo "2331"]
[PlyCount "111"]
[EventDate "2011.10.08"]
[WhiteTeam "Schakklubben av 1911 1"]
[BlackTeam "Black Knights 1"]

1. d4 g6 2. Nf3 Nf6 3. c4 Bg7 4. g3 O-O 5. Bg2 d6 6. O-O c5 7. d5 Na6 8. Nc3
Nc7 9. a4 b6 10. e4 Bg4 11. h3 Bxf3 12. Qxf3 Rb8 13. Rd1 a6 14. Bf1 e5 15. Rb1
Nd7 16. Bd3 Qe7 17. Kg2 Rfe8 18. h4 h5 19. Rh1 Qf8 20. Bg5 f6 21. Bd2 Bh6 22.
Be1 Re7 23. Kf1 Ne8 24. Rg1 f5 25. exf5 e4 26. Bxe4 Ne5 27. Qd1 Nxc4 28. b3
Rxe4 29. Nxe4 Qxf5 30. bxc4 Qxe4 31. Qb3 Ng7 32. f3 Rf8 33. Kg2 Rxf3 34. Qxf3
Qxb1 35. Kh1 Qf5 36. Qxf5 Nxf5 37. Bf2 Bd2 38. Kg2 Kf7 39. Kf3 Kf6 40. g4 hxg4+
41. Rxg4 Bc3 42. Ke4 Be5 43. Rg1 Bc3 44. Rf1 Be5 45. Rb1 Bg3 46. Bxg3 Nxg3+ 47.
Kd3 Ke5 48. Rxb6 Ne4 49. Rxa6 Nf2+ 50. Ke2 Ne4 51. Ke3 Nc3 52. a5 Nd1+ 53. Kd2
Nb2 54. Kc3 Nd1+ 55. Kc2 Ne3+ 56. Kd3 1-0

[Event "NM for klubblag"]
[Site "Drammen"]
[Date "2010.10.10"]
[Round "6"]
[White "Harestad, Hans K"]
[Black "Tofte, Sondre Waage"]
[Result "1-0"]
[WhiteElo "2248"]
[BlackElo "2229"]
[PlyCount "87"]
[EventDate "2011.10.08"]
[WhiteTeam "SOSS (Oslo)"]
[BlackTeam "Stavanger SK 1"]

1. d4 Nf6 2. c4 e6 3. Nf3 b6 4. g3 Ba6 5. b3 b5 6. cxb5 Bxb5 7. Nc3 Bc6 8. Bg2
Bb4 9. Bd2 O-O 10. O-O d6 11. a3 Bxc3 12. Bxc3 Ne4 13. Ba5 Qc8 14. Qd3 Qb7 15.
Rfc1 Rc8 16. Ne1 f5 17. Qe3 Bd5 18. Nd3 Nc6 19. Be1 Qxb3 20. f3 Nf6 21. Rc3 Qb6
22. Bf2 Rab8 23. Rac1 Kh8 24. Qf4 Ne7 25. Qd2 Qa5 26. Qc2 Rb7 27. Nf4 e5 28.
dxe5 dxe5 29. Nd3 Bf7 30. Rc5 Qxa3 31. Rxe5 Rcb8 32. Bc5 Bb3 33. Bxa3 Bxc2 34.
Rxc2 Ned5 35. Rc1 Rb3 36. Bc5 a5 37. f4 Nc3 38. Bf3 a4 39. Bd4 Nb5 40. Ba1 a3
41. Rxf5 a2 42. Rxf6 Nc3 43. Ra6 Rb1 44. Bxc3 1-0

[Event "NM for klubblag"]
[Site "Drammen"]
[Date "2010.10.10"]
[Round "6"]
[White "Vea, Odin Blikra"]
[Black "Stenersen, Gudmund"]
[Result "1/2-1/2"]
[WhiteElo "2220"]
[BlackElo "2200"]
[PlyCount "86"]
[EventDate "2011.10.08"]
[WhiteTeam "Stavanger SK 1"]
[BlackTeam "SOSS (Oslo)"]

1. e4 e5 2. Nf3 Nc6 3. Bb5 a6 4. Ba4 Nf6 5. Bxc6 dxc6 6. d3 Bd6 7. Nbd2 O-O 8.
O-O c5 9. Nc4 Nd7 10. a4 a5 11. Bd2 b6 12. Bc3 f6 13. Nh4 Nb8 14. Nf5 Nc6 15.
f4 Be6 16. fxe5 fxe5 17. Nce3 Nd4 18. Qd2 Qd7 19. Ng3 Rxf1+ 20. Nexf1 Rf8 21.
Ne3 Be7 22. Nc4 Bxc4 23. dxc4 g6 24. b3 Qg4 25. Bxd4 cxd4 26. Rf1 Rxf1+ 27.
Kxf1 Bh4 28. Qd3 Qf4+ 29. Ke2 c5 30. Qf3 Qc1 31. Kd3 Qa1 32. Ke2 Qb2 33. Qd3
Qc1 34. Kf3 h5 35. Ke2 Qg1 36. Qf3 Qxh2 37. Nf1 Qh1 38. g3 Qxf3+ 39. Kxf3 Bg5
40. Nh2 Kf7 41. Kg2 Kg7 42. Nf3 Bf6 43. Kh3 Kf7 1/2-1/2

[Event "NM for klubblag"]
[Site "Drammen"]
[Date "2010.10.10"]
[Round "6"]
[White "Skrondal, Inge Sandstad"]
[Black "Evensen, Tom R"]
[Result "1-0"]
[WhiteElo "2181"]
[BlackElo "2041"]
[PlyCount "139"]
[EventDate "2011.10.08"]
[WhiteTeam "Akademisk SK 1"]
[BlackTeam "Trondheim Sjakkforening"]

1. Nf3 Nf6 2. c4 e6 3. g3 b6 4. Bg2 Bb7 5. O-O Be7 6. Nc3 O-O 7. Re1 c5 8. e4
d6 9. d4 cxd4 10. Nxd4 a6 11. e5 dxe5 12. Bxb7 Ra7 13. Nxe6 Qxd1 14. Nxd1 fxe6
15. Bg2 Nbd7 16. Bh3 Kf7 17. Nc3 Bc5 18. Be3 Rc7 19. Bxc5 Rxc5 20. Bf1 Rc7 21.
Rad1 Ke7 22. Rd2 Rc6 23. h3 Rd6 24. Rxd6 Kxd6 25. Rd1+ Ke7 26. Bg2 Rd8 27. Re1
Kf7 28. Bf3 Ke7 29. Kf1 Kf7 30. Re3 Ke7 31. Ke1 Kf7 32. Kd2 Nc5+ 33. Kc2 Rd4
34. b3 e4 35. Be2 Nb7 36. f4 exf3 37. Bxf3 Nc5 38. Ne2 Rd6 39. Nf4 Ncd7 40. Nd3
g6 41. Kc3 a5 42. a3 Ke7 43. b4 axb4+ 44. axb4 Nb8 45. Bb7 Rd8 46. Nf4 Nbd7 47.
Nxe6 Rb8 48. Bf3 Kd6 49. Nd4 Kc7 50. Nb5+ Kd8 51. Re6 Rc8 52. g4 g5 53. Na7 Rc7
54. Nb5 Rc8 55. Nd6 Rc7 56. Nf7+ Kc8 57. Nxg5 Ra7 58. Bc6 Ra3+ 59. Kb2 Rd3 60.
Nf3 Kc7 61. g5 Nh5 62. b5 Nf4 63. Re7 Kd8 64. Rxd7+ Rxd7 65. Bxd7 Kxd7 66. h4
Ke6 67. Kc3 Kd6 68. Kd4 Ne6+ 69. Ke4 Ng7 70. Ne5 1-0

[Event "NM for klubblag"]
[Site "Drammen"]
[Date "2010.10.10"]
[Round "6"]
[White "Laverton, Christian"]
[Black "Briseid, Håkon"]
[Result "1/2-1/2"]
[WhiteElo "1915"]
[BlackElo "2097"]
[PlyCount "111"]
[EventDate "2011.10.08"]
[WhiteTeam "Trondheim Sjakkforening"]
[BlackTeam "Akademisk SK 1"]

1. d4 Nf6 2. c4 c5 3. d5 b5 4. cxb5 a6 5. b6 e6 6. Nc3 Nxd5 7. Nxd5 exd5 8.
Qxd5 Nc6 9. Nf3 Rb8 10. e3 Be7 11. Bd2 Rxb6 12. Bc4 O-O 13. Bc3 Nb4 14. Bxb4
Rxb4 15. Rd1 d6 16. b3 Be6 17. Qd3 Bxc4 18. bxc4 Qa5 19. O-O Qxa2 20. Qe4 Bf6
21. Rxd6 Rxc4 22. Qc6 a5 23. h3 Bc3 24. Rfd1 Qa4 25. Qd5 Re4 26. Rd7 Ree8 27.
Qxc5 Bf6 28. Qd5 g6 29. Rb1 Rd8 30. Rbb7 Rxd7 31. Rxd7 Qa1+ 32. Kh2 a4 33. Ra7
a3 34. g4 Qb2 35. Kg2 Qb4 36. e4 Be7 37. Ne5 Qc5 38. Qxc5 Bxc5 39. Ra5 Bb4 40.
Ra4 Re8 41. Rxb4 Rxe5 42. Ra4 h5 43. f4 Rb5 44. Rxa3 hxg4 45. hxg4 Kg7 46. g5
Rb1 47. Kf3 Rf1+ 48. Ke3 Kf8 49. Ra6 Kg8 50. Rf6 Kg7 51. Kd4 Ra1 52. Rd6 Rd1+
53. Ke5 Re1 54. Rd4 Rf1 55. Rd5 Re1 56. Rd4 1/2-1/2

[Event "NM for klubblag"]
[Site "Drammen"]
[Date "2010.10.10"]
[Round "6"]
[White "Dulman, Egmond-Gabriel"]
[Black "Larsen, Martin Halsvik"]
[Result "1/2-1/2"]
[WhiteElo "2004"]
[BlackElo "1871"]
[PlyCount "114"]
[EventDate "2011.10.08"]
[WhiteTeam "Akademisk SK 1"]
[BlackTeam "Trondheim Sjakkforening"]

1. d4 d5 2. Nf3 Nf6 3. c4 e6 4. Nc3 c6 5. e3 Bd6 6. Bd3 Nbd7 7. O-O O-O 8. e4
dxe4 9. Nxe4 Nxe4 10. Bxe4 h6 11. Bc2 e5 12. Re1 exd4 13. Nxd4 Nf6 14. Qd3 Bb4
15. Bd2 Bxd2 16. Qxd2 c5 17. Nf3 Qxd2 18. Nxd2 Be6 19. Rad1 Rab8 20. b3 a6 21.
Ne4 Nxe4 22. Bxe4 b5 23. cxb5 axb5 24. Rc1 Rfc8 25. f4 Rc7 26. Rc2 Rd8 27. f5
Bc8 28. Rec1 Kf8 29. Rxc5 Rd1+ 30. Rxd1 Rxc5 31. g4 Ke7 32. Kf2 Bd7 33. Ke3
Rc3+ 34. Bd3 b4 35. Kd4 Kd6 36. h4 Rc5 37. Bc4 Ra5 38. Bxf7 Ke7 39. Bc4 Rxa2
40. Kc5 Rf2 41. Kxb4 Rf4 42. Rg1 Kd6 43. Kc3 Ke5 44. Re1+ Kd6 45. Rd1+ Kc7 46.
Rd4 Rf3+ 47. Kb4 h5 48. Be6 Bxe6 49. fxe6 Re3 50. Rd7+ Kc6 51. Rxg7 Re4+ 52.
Kc3 hxg4 53. e7 Kd7 54. h5 Re3+ 55. Kd2 Rh3 56. Rxg4 Kxe7 57. Rd4 Rxb3 1/2-1/2

[Event "NM for klubblag"]
[Site "Drammen"]
[Date "2010.10.10"]
[Round "6"]
[White "Monsøy, Arild"]
[Black "Fredriksen, Jan Gunnar"]
[Result "1/2-1/2"]
[WhiteElo "1774"]
[BlackElo "1746"]
[PlyCount "104"]
[EventDate "2011.10.08"]
[WhiteTeam "Trondheim Sjakkforening"]
[BlackTeam "Akademisk SK 1"]

1. c4 d5 2. Nf3 dxc4 3. Qa4+ Bd7 4. Qxc4 e6 5. d4 Nf6 6. Nc3 Nc6 7. a3 Na5 8.
Qa2 b6 9. Bg5 Be7 10. e3 O-O 11. Be2 Nb7 12. O-O Nd6 13. Ne5 Nd5 14. Bxe7 Nxe7
15. Nxd7 Qxd7 16. b4 Rac8 17. Rfd1 c6 18. Rac1 Nd5 19. Bf3 Qe7 20. Rc2 Rc7 21.
Rdc1 Rfc8 22. g3 Ne8 23. Ne2 Kf8 24. Qb3 Qd7 25. e4 Ne7 26. Rd2 Kg8 27. Rcd1
Nf6 28. Nf4 h6 29. Qb2 Kf8 30. Nd3 Ng6 31. Ne5 Qe7 32. Nxg6+ fxg6 33. Qc2 g5
34. Bg2 e5 35. Qc3 exd4 36. Qxd4 c5 37. bxc5 Qxc5 38. Qa1 Qc3 39. Qa2 Re8 40.
Rd8 Rxd8 41. Rxd8+ Ke7 42. Rd1 Qc2 43. Qa1 Rc3 44. h3 Nd7 45. e5 Nxe5 46. Re1
Kd6 47. Be4 Qb3 48. Rd1+ Ke6 49. Rc1 Rxc1+ 50. Qxc1 Qc4 51. Qe3 Kd6 52. Kg2 Qc5
1/2-1/2

[Event "NM for klubblag"]
[Site "Drammen"]
[Date "2010.10.10"]
[Round "6"]
[White "Kvisla, Johannes"]
[Black "Persson, Mats"]
[Result "1/2-1/2"]
[WhiteElo "2078"]
[BlackElo "2184"]
[PlyCount "88"]
[EventDate "2011.10.08"]
[WhiteTeam "Stavanger SK 2"]
[BlackTeam "OSS 2"]

1. e4 c5 2. Nf3 e6 3. d4 cxd4 4. Nxd4 a6 5. c4 Nf6 6. Nc3 Bb4 7. Bd3 Bxc3+ 8.
bxc3 d6 9. O-O e5 10. Nf5 Bxf5 11. exf5 Nbd7 12. Ba3 Qc7 13. Rb1 O-O-O 14. Qf3
Nc5 15. Bxc5 dxc5 16. Be4 Nxe4 17. Qxe4 f6 18. Rb2 Rd7 19. Rfb1 Rhd8 20. h3
Rd1+ 21. Rxd1 Rxd1+ 22. Kh2 Rd6 23. f3 Qc6 24. Qh4 h6 25. Qg4 Rd7 26. Qg6 Kb8
27. Qe8+ Ka7 28. Qf8 Qd6 29. Qxd6 Rxd6 30. Rc2 Kb6 31. Kg3 Ka5 32. Kf2 Ka4 33.
Rb2 Rd7 34. Ke3 Ka3 35. Rc2 Rd6 36. Ke4 a5 37. g4 a4 38. h4 Rd1 39. g5 hxg5 40.
hxg5 Ra1 41. gxf6 gxf6 42. Rh2 Rd1 43. Rg2 Rd6 44. Rh2 Rd1 1/2-1/2

[Event "NM for klubblag"]
[Site "Drammen"]
[Date "2010.10.10"]
[Round "6"]
[White "Mihajlov, Svetoslav"]
[Black "Pettersen, Joar Gullestad"]
[Result "1/2-1/2"]
[WhiteElo "2006"]
[BlackElo "2051"]
[PlyCount "87"]
[EventDate "2011.10.08"]
[WhiteTeam "OSS 2"]
[BlackTeam "Stavanger SK 2"]

1. d4 Nf6 2. c4 e6 3. Nf3 Bb4+ 4. Bd2 Qe7 5. Qc2 O-O 6. Nc3 d6 7. a3 Bxc3 8.
Bxc3 Nc6 9. b4 e5 10. d5 Nb8 11. e4 Nh5 12. Nd2 f5 13. Be2 Nf4 14. Bf3 Qf6 15.
h4 Ng6 16. g3 fxe4 17. Qxe4 Bf5 18. Qe3 Bc2 19. Rc1 Ba4 20. Bg2 h6 21. O-O Nd7
22. Ne4 Qe7 23. c5 Nf6 24. Nxf6+ Rxf6 25. h5 Nh8 26. f4 Nf7 27. Rce1 Re8 28.
cxd6 cxd6 29. Qxa7 Bb5 30. Rf2 Qc7 31. Bb2 Rf8 32. a4 Bd3 33. Rd2 Bh7 34. Bh3
Kh8 35. Rc1 Qe7 36. Re2 Bf5 37. Bg2 Bg4 38. Re3 Rf5 39. Qb6 Qd7 40. fxe5 dxe5
41. Qc5 Ng5 42. Bxe5 Nh3+ 43. Bxh3 Bxh3 44. Qc7 1/2-1/2

[Event "NM for klubblag"]
[Site "Drammen"]
[Date "2010.10.10"]
[Round "6"]
[White "Hjelmås, Lars"]
[Black "Botheim, Tor"]
[Result "1-0"]
[WhiteElo "2248"]
[BlackElo "1931"]
[PlyCount "63"]
[EventDate "2011.10.08"]
[WhiteTeam "Drammen Tigers"]
[BlackTeam "1911 2"]

1. d4 Nf6 2. c4 g6 3. Nc3 Bg7 4. e4 d6 5. f4 O-O 6. Nf3 c5 7. d5 e6 8. Be2 exd5
9. cxd5 Re8 10. e5 dxe5 11. fxe5 Ng4 12. e6 fxe6 13. d6 Nd7 14. Nb5 Qb6 15. Nc7
c4 16. Rf1 c3 17. bxc3 Bxc3+ 18. Bd2 Ne3 19. Bxc3 Nxd1 20. Rxd1 Rd8 21. Nxa8
Qc5 22. Ba1 Qb4+ 23. Kf2 Nc5 24. Rd4 Qa5 25. Kg1 Na6 26. Nd2 Qc5 27. Ne4 Qc2
28. Nf6+ Kg7 29. Bxa6 bxa6 30. Rc4 Qxc4 31. Ng4+ Kg8 32. Nh6# 1-0

[Event "NM for klubblag"]
[Site "Drammen"]
[Date "2010.10.10"]
[Round "6"]
[White "Kjøita, Henning"]
[Black "Breivik, Lars"]
[Result "0-1"]
[WhiteElo "1849"]
[BlackElo "2176"]
[PlyCount "126"]
[EventDate "2011.10.08"]
[WhiteTeam "1911 2"]
[BlackTeam "Drammen Tigers"]

1. e4 c5 2. Nf3 e6 3. d4 cxd4 4. Nxd4 Nc6 5. Nc3 Qc7 6. Be3 a6 7. Be2 Nf6 8.
O-O b5 9. Bf3 Ne5 10. Bf4 Bb7 11. a3 d6 12. Bxe5 dxe5 13. Nb3 Be7 14. Qe2 O-O
15. Rfd1 Rfc8 16. Rac1 Bxa3 17. Nxb5 axb5 18. bxa3 Qc6 19. Qd2 Nxe4 20. Bxe4
Qxe4 21. f3 Qc6 22. Kh1 h6 23. Na5 Qc7 24. Nxb7 Qxb7 25. Qe2 Rc5 26. Qe3 Qc7
27. Rb1 Rc3 28. Qe4 Ra4 29. Qe2 Rxc2 30. Qxb5 Rxa3 31. h3 Ra8 32. Re1 Rc5 33.
Qd3 Rd8 34. Qb3 Rd2 35. Rbd1 Rxd1 36. Qxd1 Rc2 37. Qa1 f6 38. Qa8+ Kf7 39. Qa3
Qc5 40. Qd3 Rc1 41. Qd7+ Kg6 42. Qd3+ f5 43. Qd2 Rxe1+ 44. Qxe1 Qd4 45. Qc1 e4
46. Qc8 Qd1+ 47. Kh2 Qd6+ 48. Kh1 exf3 49. gxf3 e5 50. Qe8+ Kf6 51. Kg2 Qd2+
52. Kf1 Qd3+ 53. Kf2 Qd4+ 54. Kf1 e4 55. Qc6+ Kf7 56. fxe4 Qxe4 57. Qd7+ Kg6
58. Kf2 Qe5 59. h4 Qh2+ 60. Kf3 Qh3+ 61. Ke2 Qxh4 62. Qc6+ Kh7 63. Qe6 Qe4+ 0-1

[Event "NM for klubblag"]
[Site "Drammen"]
[Date "2010.10.10"]
[Round "6"]
[White "Henriksen, Geir I"]
[Black "Kjølberg, Jens Hjort"]
[Result "1-0"]
[WhiteElo "2133"]
[BlackElo "1724"]
[PlyCount "81"]
[EventDate "2011.10.08"]
[WhiteTeam "Drammen Tigers"]
[BlackTeam "1911 2"]

1. d4 Nf6 2. c4 g6 3. Nf3 Bg7 4. Nc3 O-O 5. Bg5 d6 6. e3 c6 7.
Be2 Nbd7 8. Qc2 Qc7 9. O-O Re8 10. Rac1 e5 11. Bh4 h6 12. h3 Nh7 13. Bg3 f5 14.
Rfd1 Ng5 15. Nxg5 hxg5 16. f3 Nf8 17. Bf2 Be6 18. d5 Bf7 19. e4 f4 20. b4 Nd7
21. Qd2 Bf8 22. dxc6 bxc6 23. c5 Re6 24. Bc4 Rf6 25. Bxf7+ Kxf7 26. Qd3 Ke8 27.
cxd6 Qxd6 28. Qa6 Qxb4 29. Rxd7 Kxd7 30. Nd5 cxd5 31. Qxf6 Qd6 32. Qf7+ Be7 33.
exd5 Rf8 34. Qg7 Qxd5 35. Rc7+ Kxc7 36. Qxe7+ Kc6 37. Qxf8 Qxa2 38. Qf6+ Kb7
39. Qg7+ Kc8 40. Qxa7 Qc4 41. Qc5+ 1-0

[Event "NM for klubblag"]
[Site "Drammen"]
[Date "2010.10.10"]
[Round "6"]
[White "Kjøita, Torgeir"]
[Black "Ludvigsen, Frode"]
[Result "0-1"]
[WhiteElo "1627"]
[BlackElo "2009"]
[PlyCount "42"]
[EventDate "2011.10.08"]
[WhiteTeam "1911 2"]
[BlackTeam "Drammen Tigers"]

1. e4 c5 2. Nf3 d6 3. d4 cxd4 4. Nxd4 Nf6 5. Nc3 a6 6. Be2 e6 7. O-O Qc7 8. Be3
b5 9. a3 Bb7 10. f3 Be7 11. Qe1 O-O 12. Qf2 Nbd7 13. Nb3 Rac8 14. Rad1 d5 15.
Bd3 Bxa3 16. Nxb5 axb5 17. bxa3 dxe4 18. fxe4 Bxe4 19. Bxb5 Bxc2 20. Rc1 Ng4
21. Qe2 Qxh2# 0-1

[Event "NM for klubblag"]
[Site "Drammen"]
[Date "2010.10.10"]
[Round "6"]
[White "Haugli, Petter"]
[Black "Stokke, Kjetil"]
[Result "1/2-1/2"]
[WhiteElo "2255"]
[BlackElo "2395"]
[PlyCount "84"]
[EventDate "2011.10.08"]
[WhiteTeam "Moss Schakklub"]
[BlackTeam "Bergens Schakklub"]

1. d4 g6 2. e4 Bg7 3. Nf3 c6 4. c4 d5 5. cxd5 cxd5 6. exd5 Nf6
7. Nc3 Nxd5 8. Bc4 Nxc3 9. bxc3 Qc7 10. Qb3 O-O 11. O-O Nc6 12. Bd3 Be6 13. Qa3
Bd5 14. Re1 e5 15. Be4 Bxe4 16. Rxe4 Rad8 17. Bg5 Rd5 18. Rd1 exd4 19. cxd4 Qd7
20. Qe3 Qf5 21. Re8 Qd7 22. Rxf8+ Kxf8 23. Bh6 Qe6 24. Qxe6 fxe6 25. Bxg7+ Kxg7
26. Rd2 g5 27. h3 h5 28. Rb2 b6 29. Rc2 Nxd4 30. Rc7+ Kf6 31. Nxd4 Rxd4 32.
Rxa7 Rd1+ 33. Kh2 Rd2 34. f3 Rd5 35. Ra6 Ra5 36. Rxb6 Rxa2 37. Rc6 Ra5 38. Rb6
Ke5 39. Rb4 Rd5 40. Ra4 h4 41. Rb4 Rd4 42. Rb8 Kf5 1/2-1/2

[Event "NM for klubblag"]
[Site "Drammen"]
[Date "2010.10.10"]
[Round "6"]
[White "Gullaksen, Eirik"]
[Black "Hagen, Anders G"]
[Result "1-0"]
[WhiteElo "2323"]
[BlackElo "2081"]
[PlyCount "67"]
[EventDate "2011.10.08"]
[WhiteTeam "Bergens Schakklub"]
[BlackTeam "Moss Schakklub"]

1. e4 c5 2. Nf3 Nc6 3. Bb5 Nf6 4. e5 Nd5 5. O-O g6 6. Re1 Bg7 7. Nc3 Nc7 8. Bc4
O-O 9. d3 b6 10. Bf4 Bb7 11. a3 Rc8 12. Ba2 Ne8 13. h4 d6 14. exd6 Nxd6 15. h5
Qd7 16. hxg6 hxg6 17. Nh4 e5 18. Bg5 Ne7 19. Ne4 Nd5 20. Qf3 Kh7 21. Qg3 Nxe4
22. dxe4 Nf4 23. Qh2 Rh8 24. Bxf4 exf4 25. Qxf4 Bxb2 26. Rad1 Qc7 27. e5 Rhf8
28. Nf5 gxf5 29. Qxf5+ Kg7 30. Qg5+ Kh8 31. Re3 f6 32. Rh3+ Qh7 33. Rxh7+ Kxh7
34. Rd7+ 1-0

[Event "NM for klubblag"]
[Site "Drammen"]
[Date "2010.10.10"]
[Round "6"]
[White "Johansen, Paul"]
[Black "Gabrielsen, Trond"]
[Result "0-1"]
[WhiteElo "2023"]
[BlackElo "2223"]
[PlyCount "66"]
[EventDate "2011.10.08"]
[WhiteTeam "Moss Schakklub"]
[BlackTeam "Bergens Schakklub"]

1. Nf3 f5 2. d4 Nf6 3. g3 e6 4. Bg2 d5 5. O-O Bd6 6. b3 Qe7 7. c4 c6 8. a4 a5
9. Ba3 O-O 10. Bxd6 Qxd6 11. c5 Qc7 12. Ne5 b6 13. Qc2 Ba6 14. Nd3 Nbd7 15.
cxb6 Qxb6 16. e3 Rab8 17. Nd2 Ne4 18. Rfb1 Rfc8 19. Bxe4 fxe4 20. Nc5 Nxc5 21.
dxc5 Qc7 22. Qc3 Rf8 23. f4 exf3 24. Kf2 e5 25. h3 d4 26. exd4 exd4 27. Qxd4
Rbd8 28. Qb2 Qd7 29. Nxf3 Qd3 30. Qe5 Qxf3+ 31. Kg1 Rd2 32. Qe6+ Kh8 33. Rf1
Qg2# 0-1

[Event "NM for klubblag"]
[Site "Drammen"]
[Date "2010.10.10"]
[Round "6"]
[White "Martinsen, Stig K"]
[Black "Kongevold, Hans-Inge"]
[Result "1-0"]
[WhiteElo "2160"]
[BlackElo "1961"]
[PlyCount "64"]
[EventDate "2011.10.08"]
[WhiteTeam "Bergens Schakklub"]
[BlackTeam "Moss Schakklub"]

1. d4 f5 2. g3 Nf6 3. Bg2 g6 4. Nh3 Bg7 5. c3 O-O 6. Qb3+ d5 7. Nf4 c6 8. h4
Qb6 9. h5 Qxb3 10. axb3 Nxh5 11. Nxh5 gxh5 12. Rxh5 Nd7 13. Bf4 e5 14. dxe5
Nxe5 15. Nd2 Ng6 16. e3 Bd7 17. Nf3 Be8 18. Rh1 Bf7 19. Bh6 Bxh6 20. Rxh6 Kg7
21. Rh5 Ne7 22. Rh4 Ng6 23. Rh1 Rfe8 24. Kd2 Ne5 25. Nh4 Bg6 26. Ra4 Re7 27.
Rf4 Rf8 28. Bh3 Ref7 29. Bf1 Nd7 30. b4 Nf6 31. Bd3 Ne4+ 32. Kc2 a6 {
Mangelfull notasjon...} 1-0

[Event "NM for klubblag"]
[Site "Drammen"]
[Date "2010.10.10"]
[Round "6"]
[White "Undheim, Bjarne"]
[Black "Fjellengen, Bård"]
[Result "0-1"]
[WhiteElo "1764"]
[BlackElo "1789"]
[PlyCount "50"]
[EventDate "2011.10.08"]
[WhiteTeam "OSS 3"]
[BlackTeam "Sarpsborg SK"]

1. e4 c5 2. Nf3 d6 3. Bb5+ Bd7 4. Bxd7+ Qxd7 5. O-O Nc6 6. d4 cxd4 7. Nxd4 Nf6
8. Re1 e5 9. Nb3 Be7 10. Nc3 O-O 11. Bg5 Rad8 12. Bxf6 Bxf6 13. Nd5 Be7 14. Nd2
f5 15. Qe2 Nd4 16. Qd3 fxe4 17. Qxe4 Bg5 18. Nf1 Qf7 19. f3 Nxc2 20. Qxc2 Qxd5
21. Ng3 Rc8 22. Qe2 Bh4 23. Rad1 Qc5+ 24. Kh1 Bxg3 25. hxg3 Rf6 0-1